000 00468pab a2200181 454500
008 180718b2017 xxu||||| |||| 00| 0 eng d
100 _aTagade, Nitin
245 _aFood and nutrition security: an exercise in locating ground-truth among tribals
260 _c2017
300 _ap.214-227.
362 _aJul-Sep
650 _aTribes
650 _aNutrition
650 _aFood supply
700 _aDeshpande, R.S.
773 _aProductivity
909 _a116407
999 _c116401
_d116401